| 000 | 00669nam a22001937a 4500 | ||
|---|---|---|---|
| 999 |
_c18098 _d18098 |
||
| 003 | AR-CdUCM | ||
| 008 | 190511b ||||| |||| 00| 0 spa d | ||
| 040 |
_aMUNICIPALIDAD PROVINCIAL DEL CUSCO _cBIBLIOTECA MUNICIPAL DEL CUSCO |
||
| 082 |
_a616.0252 / _bM27 |
||
| 100 |
_aMascaro Porcar, Jose M. _938482 |
||
| 245 | _aEl medico aconseja / | ||
| 260 |
_aEspaña : _bSalvat, _c1970. |
||
| 300 |
_a181 páginas ; _c20 cm. |
||
| 500 | _aCon la colaboración de Alianza Editorial S.A. | ||
| 505 | _aContenido : Medicina -- Cirugía -- Intoxicaciones -- Higiene -- Apéndices ... | ||
| 650 |
_aMedicina general. _921670 |
||
| 942 |
_2ddc _cLIBROS |
||
| 945 |
_arum _d2019-05-11 |
||